000
00277nam a22001337a 4500
003
SGT
082
_a
97893885754920
_b
T20K
100
_a
KUMAR, PRAMOD
245
_a
THE FUTURE NEWSROOM
260
_b
KITABWALE
_c
2020
300
_a
436
650
_a
JOURNALISM
942
_2
ddc
_c
BK
999
_c
28614
_d
28614